Un ensayo sobre la revolución boliviana del 9 de abril de 1952 /
Guardado en:
| Autor Principal: | |
|---|---|
| Formato: | Libro |
| Idioma: | Undetermined |
| Publicado: |
Cochabamba :
Editorial Thunupa ltda,
1958.
|
| Materias: | |
| Etiquetas: |
Agregar Etiqueta
Sin Etiquetas, Sea el primero en etiquetar este registro!
|
| LEADER | 00586nam a22001695a 4500 | ||
|---|---|---|---|
| 001 | EHU.bham045784 | ||
| 005 | 20111223083827.0 | ||
| 008 | 110323s1958####xx############000#0#und#d | ||
| 100 | 1 | |a Quiroga Cespedes, Ricardo. | |
| 245 | 0 | 0 | |a Un ensayo sobre la revolución boliviana del 9 de abril de 1952 / |c Ricardo Quiroga Cespedes. |
| 260 | |a Cochabamba : |b Editorial Thunupa ltda, |c 1958. | ||
| 300 | |a 216 p. | ||
| 653 | |a Historia latinoamericana | ||
| 653 | |a Bolivia | ||
| 653 | |a Revolución | ||
| 653 | |a Colección Lejarraga | ||
| 859 | |a AR-BHAM |b BIB. HUMANIDADES - Donacion Lejarraga |h MFN000003 |p 000003.19 | ||
